|
|
|
|
| LEADER |
01540cam a2200169 i 4500 |
| 020 |
|
|
|a 9789351507345
|
| 082 |
0 |
0 |
|a 519.5/4
|b VIM-T
|
| 100 |
1 |
|
|a Vimala Veeraraghavan.
|
| 245 |
1 |
0 |
|a Textbook of parametric and non-parametric statistics /
|
| 260 |
|
|
|a Los Angeles:
|b Sage,
|c 2016.
|
| 300 |
|
|
|a xxi, 332 (I-4) pages :
|b illustration ;
|
| 505 |
0 |
|
|a Preface -- Acknowledgements -- About the authors -- Introduction to statistics -- Section A: Parametric statistics -- Frequency distribution -- Measures of central tendency -- Measures of variability -- Correlation, regression and prediction -- Other methods of correlation -- Significance of difference between means -- Analysis of variance -- Normal distribution -- Psychological test construction -- Reliability, validity, standardization and norms -- Factor analysis -- Section B: Non-parametric statistics -- One sample and two related sample tests -- Non-parametric analysis of two independent samples -- Non-parametric tests for K-related samples -- Non-parametric tests for K-independent samples -- Measures of correlation and associated tests -- Computer application in statistics : statistical package for social sciences (SPSS) -- Exercises -- Answers to exercises -- Appendix: Statistical value tables -- Bibliography -- Index.
|
| 650 |
|
0 |
|a Social sciences
|
| 700 |
1 |
|
|a Suhas Shetgovekar.
|
| 942 |
|
|
|c BK
|
| 999 |
|
|
|c 51299
|d 51299
|
| 952 |
|
|
|0 0
|1 0
|4 0
|6 519_540000000000000_VIMT
|7 0
|9 64716
|a KU
|b KU
|d 2018-05-21
|e Ad.D2/5736/2013 dtd.24/11/2017
|g 450.00
|l 0
|o 519.54 VIM-T
|p MB07381
|r 2018-05-21
|w 2018-05-21
|y BK
|